Дело об ангажировании в службу Дирекции танцовщика Антонина

Доступно только в Электронных читальных залах Найти на картеНа карте
RUSMARC
00003565nmc2a22000003x 450
001a8a5007c-8e1c-4b6b-a816-3c713a6523a6
00520181127093203.0
100##$a20161226l18241824k l0rusy0189 ca
1010#$arus
102##$aRU
2001#$aДело об ангажировании в службу Дирекции танцовщика Антонина
$j3 июня 1824 г.
251##$cДело
300##$aДело
801#0$aRU
$bРГИА
$c20161226
$gRCR
801#1$aRU
$bГлавНИВЦ
$c20161226
$2rusmarc
801#2$aRU
$bПБ им. Б.Н. Ельцина
$c20181127
$gRCR
$2rusmarc
850##$aРГИА
852##$aРГИА
$eФедеральное казенное учреждение "Российский государственный исторический архив" (РГИА)
$j2506
937##$hРГИА
$d12234625
$aASBIBLIO_SCAN
462#0$1001dd3991dc-24e1-42ec-8838-ca4255420416
$12001
$a1746-1850 гг.
$1251
$cОпись
$1852
$j1
461#0$10019264ebf8-de62-4f1a-9eb4-9f22098dbbd5
$12001
$aДирекция императорских театров МИДв
$1251
$cФонд
$1852
$j497
215##$a5 л.
$d36,5х26 см
371##$aДокумент не является опубликованным и широко распространяемым
1220#$ad
105##$ay###
035##$aa8a5007c-8e1c-4b6b-a816-3c713a6523a6
856##$uhttp://readingroom.main.prlib.ru/item.aspx?id_node=n121039934&mode=full
Формат отображения